El mercado de plaguicidas en la Argentina (Registro nro. 16472)

Detalles MARC
000 -LEADER
fixed length control field 00400 a2200133 4500
001 - CONTROL NUMBER
control field ART_3525
005 - DATE AND TIME OF LATEST TRANSACTION
control field 20260410161715.0
008 - FIXED-LENGTH DATA ELEMENTS--GENERAL INFORMATION
fixed length control field 260409a
100 1# - MAIN ENTRY--PERSONAL NAME
Personal name León, Carlos A.
245 10 - TITLE STATEMENT
Title El mercado de plaguicidas en la Argentina
700 1# - ADDED ENTRY--PERSONAL NAME
Personal name DAmato, Laura
700 1# - ADDED ENTRY--PERSONAL NAME
Personal name Iturregui, María E.
773 0# - HOST ITEM ENTRY
Title Desarrollo económico
Related parts - Vol. 27, Nº 105 (abr./jun. 1987)
Record control number REV1174

No hay ítems disponibles.